Logo BPK

Biblioteka

Politechniki Koszalińskiej

Przyszłość polityki spójności a przegląd budżetu Unii Europejskiej w latach 2008-2009 : (Rekord nr 53708)

Szczegóły MARC
000 -ETYKIETA REKORDU
podpole kontrolne o stałej długości 00762nam a2200217 i 4500
001 - NUMER KONTROLNY REKORDU
pole kontrolne bg
020 ## - MIĘDZYNARODOWY ZNORMALIZOWANY NUMER KSIĄŻKI - ISBN
ISBN 8389972883
040 ## - ŹRÓDŁO KATALOGOWANIA
Instytucja, która utworzyła rekord BPK
041 0# - KOD JĘZYKA
Kod języka tekstu pol
Kod języka streszczenia lub abstraktu eng
080 ## - UNIWERSALNA KLASYFIKACJA DZIESIĘTNA - UKD
UKD 339.727:339.923]"2001/..."(4-67)
920 ## - Międzynarodowy znormalizowany numer książki – ISBN
ISBN 83-89972-88-3
008 - POLE O STAŁEJ DŁUGOŚCI - DANE KONTROLNE
podpole kontrolne o stałej długości s pl f |000 0 pol
245 10 - TYTUŁ/ODPOWIEDZIALNOŚĆ
Tytuł Przyszłość polityki spójności a przegląd budżetu Unii Europejskiej w latach 2008-2009 :
Ciąg dalszy tytułu materiał do dyskusji /
Pozostałe elementy strefy tytułu i oznaczenia odpowiedzialności Marcin Kwasowski [et al.].
260 ## - STREFA ADRESU WYDAWNICZEGO
Miejsce wydania Warszawa :
Nazwa wydawcy/dystrybutora Urząd Komitetu Integracji Europejskiej,
Data publikacji, dystrybucji/powstania dokumentu 2006.
300 ## - STREFA OPISU FIZYCZNEGO
Objętość 84, [1] s. :
Inne cechy fizyczne il. (w tym kolor.) ;
Rozmiary 24 cm.
500 ## - UWAGI OGÓLNE
Tekst uwagi U dołu okł.: yzwania członkostwa : debata.
500 ## - UWAGI OGÓLNE
Tekst uwagi Streszcz. ang.
504 ## - UWAGA DOTYCZĄCA BIBLIOGRAFII
Informacje o bibliografii Bibliogr.
610 2# - HASŁO PRZEDMIOTOWE W FORMIE NAZWY CIAŁA ZBIOROWEGO
Nazwa ciała zbiorowego lub nazwa geograficzna Unia Europejska
Określnik ogólny finanse
-- polityka
856 ## - LOKALIZACJA I DOSTĘP DO ELEKTRONICZNYCH DOKUMENTÓW ZDALNYCH
Link (URL) http://koha.tu.koszalin.pl/cgi-bin/koha/opac-detail.pl?biblionumber=53708
Tekst linku Katalog online BPK
942 ## - DODATKOWE ELEMENTY (KOHA)
Typ dokumentu Książka
Egzemplarze
Wycofany Status egzemplarza Uszkodzony Dostępność Lokalizacja stała Lokalizacja bieżąca Miejsce przechowywania Sygnatura Kod kreskowy Ostatnio wypożyczono Typ dokumentu
      Tylko na miejscu Biblioteka Politechniki Koszalińskiej Biblioteka Politechniki Koszalińskiej Czytelnia Wydziałowa ul. Kwiatkowskiego 6e 84494 02374345 25.01.2024 Książka
© 2023 Biblioteka Politechniki Koszalińskiej :: KOHA